| 000 | 01132cam a2200265 a 4500 | ||
|---|---|---|---|
| 001 | 000005645 | ||
| 005 | 20200929151730.0 | ||
| 008 | 010506s2001 ve b f000 0 spa | ||
| 020 | _a9800111247 | ||
| 040 |
_aDO-SdBNP _cDLC _dDLC |
||
| 082 |
_a987.0632 _bV165d |
||
| 100 | 1 |
_aValero, Jorge. _d1946 - _915965 |
|
| 245 | 1 | 3 |
_aLa diplomacia internacional y el Golpe de 1945 / _cJorge Valero; prólogo, Fermín Toro Jiménez. |
| 260 |
_aCaracas : _bMonte Ávila Editores Latinoamericana : _bMinisterio de Relaciones Exteriores de la República Bolivariana de Venezuela, _c2001. |
||
| 300 |
_axii, 215 p. ; _c19 cm. |
||
| 490 | 1 |
_aEstudios ; _pSerie Historia. |
|
| 504 | _aIncluye referencias bibliográficas. | ||
| 651 | 4 |
_aVenezuela _xPolítica Y Gobierno _y1935-1958. _93993 |
|
| 651 | 4 |
_aVenezuela _xHistoria _yREVOLUCIÓN, 1945. _915951 |
|
| 651 | 4 |
_aVenezuela _xRelaciones Exteriores _y1935-1958. _915966 |
|
| 650 | 4 |
_aIndustria del petróleo y comercio _zVenezuela _xActividad política _915967 |
|
| 700 | 1 |
_aToro Jiménez, Fermín _eprol. _915968 |
|
| 830 | 4 |
_aEstudios _pSerie Historia _915969 |
|
| 910 | _aCatalogación por copia / LC | ||
| 999 |
_c5444 _d5444 |
||